01070nam a2200289Ia 4500001001200000003000800012006001900020007001500039008004100054020001800095020001800113040002100131035002100152050002700173100001600200245006800216260005800284300002200342500002000364533015200384630002600536650002700562655002900589710001700618856012600635999001900761ebr10377978CaPaEBRm u cr cn|||||||||100410s2011 maua s 001 0 eng d z9781435455634 z9781435457027 aCaPaEBRcCaPaEBR a(OCoLC)61361284514aML74.4.L64bA74 2011eb1 aAsher, Jay.10aGoing pro with Logic Pro 9h[electronic resource] /cJay Asher. aBoston :bCourse Technology/Cengage Learning,cc2011. ax, 228 p. :bill. aIncludes index. aElectronic reproduction.bPalo Alto, Calif. :cebrary,d2010.nAvailable via World Wide Web.nAccess may be limited to ebrary affiliated libraries.00aLogic (Computer file) 0aDigital audio editors. 7aElectronic books.2local2 aebrary, Inc.40uhttp://site.ebrary.com/lib/rucke/Doc?id=10377978zAn electronic book accessible through the World Wide Web; click to view c193907d193907